Loading...
| Current Events | 7 | 17.14 | 100% | 57% | 29% |
| Fine Arts - Classical Music | 13 | 14.62 | 100% | 46% | 15% |
| Fine Arts - Other Fine Arts | 11 | 17.27 | 100% | 55% | 18% |
| Fine Arts - Painting & Sculpture | 10 | 17.00 | 90% | 80% | 0% |
| Geography | 1 | 20.00 | 100% | 100% | 0% |
| History - American History | 7 | 15.71 | 100% | 71% | 0% |
| History - European History | 8 | 18.75 | 100% | 75% | 13% |
| History - Other History | 10 | 19.00 | 100% | 70% | 20% |
| History - World History | 10 | 17.00 | 90% | 50% | 30% |
| Literature - American Literature | 8 | 20.00 | 100% | 75% | 25% |
| Literature - British Literature | 10 | 17.00 | 100% | 50% | 20% |
| Literature - European Literature | 9 | 15.56 | 100% | 78% | 0% |
| Literature - World Literature | 8 | 20.00 | 100% | 75% | 25% |
| Mythology | 5 | 16.00 | 100% | 60% | 0% |
| Other Academic | 3 | 13.33 | 100% | 33% | 0% |
| Philosophy | 7 | 18.57 | 100% | 71% | 14% |
| Religion | 9 | 17.78 | 100% | 67% | 11% |
| Science - Biology | 10 | 16.00 | 100% | 50% | 10% |
| Science - Chemistry | 11 | 17.27 | 100% | 64% | 9% |
| Science - Other Science | 8 | 16.25 | 100% | 50% | 13% |
| Science - Physics | 10 | 13.00 | 90% | 40% | 0% |
| Social Science | 10 | 18.00 | 100% | 60% | 20% |